Ponencia para el Ideario costarricense /
En este trabajo el ponente, fundamentalmente se refiere a que, si Costa Rica tiene una población ideal, en un territorio envidiable y no hay explicación en la realidad para el subdesarrollo, la causa está en la filosofía del costarricense, en sus creencias por lo tanto, agrega, la miseria es consecu...
Guardado en:
| 主要作者: | |
|---|---|
| 企業作者: | |
| 格式: | 未知 |
| 語言: | Spanish |
| 主題: | |
| 標簽: |
添加標簽
沒有標簽, 成為第一個標記此記錄!
|
MARC
| LEADER | 00000 a2200000 04500 | ||
|---|---|---|---|
| 001 | 4434 | ||
| 003 | cru IIS | ||
| 005 | 20220719154434.0 | ||
| 007 | ta | ||
| 008 | 220719b |||||||| |||| 00| 0 spa d | ||
| 040 | |c cru IIS | ||
| 100 | 1 | |9 10586 |a Pacheco de la Espriella, Abel |e Autor | |
| 245 | 1 | |a Ponencia para el Ideario costarricense / |c Abel Pacheco de la Espriella | |
| 300 | |a páginas 121-127 | ||
| 500 | |a Colección Centroamérica | ||
| 520 | |a En este trabajo el ponente, fundamentalmente se refiere a que, si Costa Rica tiene una población ideal, en un territorio envidiable y no hay explicación en la realidad para el subdesarrollo, la causa está en la filosofía del costarricense, en sus creencias por lo tanto, agrega, la miseria es consecuencia de una actitud mental. Así, lo que se hace es analizar las actitudes de los ticos ante la vida. EBZ/mb | ||
| 650 | |a GUERRA FRIA | ||
| 650 | |a AYUDA ECONOMICA | ||
| 650 | |a IDEOLOGIAS POLITICAS | ||
| 650 | |a CONDICIONES ECONOMICAS | ||
| 650 | |a POBREZA | ||
| 650 | |a ACTITUDES | ||
| 650 | |a ACULTURACION | ||
| 650 | |a SOCIALIZACION | ||
| 650 | |a PROBLEMAS SOCIALES | ||
| 710 | |a Universidad Nacional (Costa Rica) | ||
| 942 | |2 ddc |c LI | ||
| 999 | |c 1724 |d 1724 | ||
| 773 | 0 | |0 17141 |9 4797 |a Costa Rica. |d Heredia: UNA, 1993 |o 22321 |t Ideario Costarricense / |w (cru CIDCACS/IIS)4416 | |
